Grünt #25 - Statistiques

Statistiques générales
  • Ce quiz a été pris 27 fois
  • Le résultat moyen est 6 sur 14
Statistiques - réponses
Hint Réponse % Correct
Invité principal Nekfeu
100%
Rappeur belge aux origines espagnoles Caballero
79%
Membre du duo 2fingz et de l'Entourage Doums
68%
Membre du $-Crew 2zer
63%
Autre fondateur de Saboteur Records, originaire du Sud de la France Deen Burbigo
63%
Fondateur du label Saboteur Records et membre de l'Entourage Eff Gee
58%
Membre et frère d'un membre du $-Crew Framal
53%
Rappeur parisien proche de la scène belge Lomepal
42%
Membre de Fixpen Sill et du groupe 5 majeur Kéroué
32%
Membre du Panama Bende et plus jeune rappeur du freestyle Ormaz
26%
2nd membre de Fixpen Sill Vidji
16%
Rappeur du 14ème, membre du JUICE GANG D6
0%
Rap de 24'10" à 25'25", nom ressemblant à "kitch" Kritch
0%
Membre du duo Phénomène Bizness Saïga
0%
Aucun quiz correspondant
Distribution des résultats
% des personnes avec chaque résultat
Percentile par nombre de réponses
Votre historique - résultats
Vous n’avez pas pris ce quiz